| 000 | 00390 a2200145 4500 | ||
|---|---|---|---|
| 999 |
_c12050 _d12050 |
||
| 003 | OSt | ||
| 005 | 20240117164432.0 | ||
| 008 | 240117b ||||| |||| 00| 0 eng d | ||
| 020 | _a978-1938740053 | ||
| 082 |
_a720.483 _bAIE |
||
| 100 | _a Aiello, Carlo (Architect) | ||
| 245 | _aEVolo skyscrapers : 2,. 150 new projects redefine building high | ||
| 260 |
_b eVolo; _c2014 |
||
| 942 | _2ddc | ||